[Event "RSA-ch U10 Girls"]
[Site "Bloemfontein"]
[Date "2016.03.21"]
[Round "2"]
[White "Ismail, Imaan"]
[Black "Terblanche, Annika"]
[Result "1-0"]
[WhiteElo "1011"]
[BlackElo "557"]
[PlyCount "59"]
[EventDate "2016.03.20"]
[EventType "swiss"]
[EventRounds "11"]
[EventCountry "RSA"]
[SourceTitle "CBM 171 Extra"]
[Source "ChessBase"]
[SourceDate "2016.04.26"]
[SourceVersion "1"]
[SourceVersionDate "2016.04.26"]
[SourceQuality "1"]

1. e4 e5 2. Nf3 Nf6 3. Nxe5 d6 4. Nf3 Nxe4 5. Qe2 Bf5 6. d3 d5 7. dxe4 dxe4 8. Nfd2 Bd6 9. Nxe4 Qe7 10. Nxd6+ cxd6 11. Qxe7+ Kxe7 12. Bd3 Be6 13. 0-0 Nc6 14. Re1 Ne5 15. Nc3 g6 16. Bf4 f6 17. Bxe5 dxe5 18. Rad1 a5 19. b3 Rhc8 20. Ne4 f5 21. Ng5 e4 22. Nxe6 Kxe6 23. Bc4+ Kf6 24. Rd6+ Ke5 25. Re6+ Kd4 26. Rc1 a4 27. c3+ Kc5 28. Rd1 axb3 29. Bxb3 Ra3 30. Rd5# 1-0

[Event "RSA-chT U10"]
[Site "Cape Town"]
[Date "2016.01.05"]
[Round "3.6"]
[White "Odendaal, Mikhal"]
[Black "Terblanche, Annika"]
[Result "1-0"]
[WhiteElo "845"]
[BlackElo "507"]
[PlyCount "33"]
[EventDate "2016.01.04"]
[EventType "team-tourn"]
[EventRounds "7"]
[EventCountry "RSA"]
[SourceTitle "CBM 170 Extra"]
[Source "ChessBase"]
[SourceDate "2016.02.25"]
[SourceVersion "1"]
[SourceVersionDate "2016.02.25"]
[SourceQuality "1"]
[WhiteTeam "Tshwane"]
[BlackTeam "Ekurhuleni"]
[WhiteTeamCountry "RSA"]
[BlackTeamCountry "RSA"]

1. d4 e6 2. c4 e5 3. Nf3 Nc6 4. d5 Nce7 5. Nc3 d6 6. h3 Bg4 7. a3 Bxf3 8. exf3 Ng6 9. Bd3 Nf4 10. Bxf4 Qf6 11. Be3 g5 12. Qd2 Bh6 13. Nb5 Rc8 14. Nxa7 Rd8 15. b4 g4 16. fxg4 Ne7 17. g5 1-0